00388nam a2200133 a 450000100100000000500170001000800410002704000250006808200150009310000290010824500470013726000440018430000260022800002323620200930022059.0101130s1976 nyu r 000 0 spa d aDO-SdBNPbspacBNPHU aNNNbR621m1 aRivera, Etnairis,d1949-10aMaría mar moriviví /cEtnairis Rivera. aNew York :belv, El Libro Viaje,c1976. a137, [1] p. ;c18 cm.